UK Geography Quiz #2 - Statistics

General Stats
  • This quiz has been taken 35 times
  • The average score is 5 of 15
Answer Stats
Hint Answer % Correct
In what county is stonehenge Wiltshire
81%
First national park founded Peak District
74%
What is the smallest UK county by area Rutland
74%
What county is the Wrekin in Shropshire
58%
What county is Silvertone located in Northamptonshire
45%
In what UK national park is Dunkery Beacon Exmoor
39%
What is the 3rd highest mountain in England Helvellyn
23%
Name of island Holyhead is located on (not Anglesey) Holy Island
23%
And the year that occurred 1951
16%
Largest London Borough (by area) Bromley
13%
Name of island in Plymouth sound Drake's Island
13%
What Loch does Fort William lie on the edge of Linnhe
13%
Largest London Borough (by population in 2019) Barnet
10%
What is the geographic term for a knife Edged ridge such as Crib Goch Arete
6%
What is the 3rd highest mountain in Wales Carnedd Llewelyn
6%
No matching quizzes found
Score Distribution
Percent of People with Each Score
Percentile by Number Answered
Your Score History
You have not taken this quiz